[Event "SVK-ch U12 Girls"]
[Site "Liptovsky Mikulas"]
[Date "2007.04.25"]
[Round "5"]
[White "Klimesova, Gabriela"]
[Black "Kotocova, Anna Maria"]
[Result "1-0"]
[WhiteElo "1350"]
[BlackElo "1350"]
[PlyCount "29"]
[EventDate "2007.04.22"]
[EventType "swiss"]
[EventRounds "7"]
[EventCountry "SVK"]
[SourceTitle "EXT 2008"]
[Source "ChessBase"]
[SourceDate "2007.11.25"]
[SourceVersion "1"]
[SourceVersionDate "2007.11.25"]
[SourceQuality "1"]

1. e4 e5 2. Nf3 Nc6 3. Bc4 Nf6 4. d3 Bb4+ 5. c3 Be7 6. 0-0 0-0 7. d4 exd4 8. cxd4 Nxe4 9. d5 Na5 10. Bd3 Nf6 11. Bd2 b6 12. Bc3 Nxd5 13. Qe2 Bf6 14. Qe4 c6 15. Qxh7# 1-0